Γαλήνη
Αποθηκεύτηκε σε:
| Κύριος συγγραφέας: | |
|---|---|
| Μορφή: | Βιβλίο |
| Γλώσσα: | Greek |
| Δημοσίευση: |
Αθήνα :
Δημοσιογραφικός Οργανισμός Λαμπράκη,
2011.
|
| Σειρά: | Κορυφαίοι Έλληνες πεζογράφοι του 20ου αιώνα
|
| Θέματα: | |
| Ετικέτες: |
Προσθήκη ετικέτας
Δεν υπάρχουν, Καταχωρήστε ετικέτα πρώτοι!
|
MARC
| LEADER | 00000cam a2200000 i 4500 | ||
|---|---|---|---|
| 001 | 1/124642 | ||
| 008 | 220405s2011 gr | ||| |||| ||gre|| | ||
| 020 | |a 9789605030544 |q (χαρτόδετο) | ||
| 040 | |a GR-MY-UA |b gre |e aacr | ||
| 041 | 0 | |a gre | |
| 082 | 7 | |a 889.34 |2 (23) | |
| 100 | 1 | |a Βενέζης, Ηλίας, |d 1904-1973. | |
| 245 | 1 | 0 | |a Γαλήνη / |c Ηλίας Βενέζης. |
| 260 | |a Αθήνα : |b Δημοσιογραφικός Οργανισμός Λαμπράκη, |c 2011. | ||
| 300 | |a 329,[3] σ. ; |c 19 εκ. | ||
| 490 | 0 | |a (Κορυφαίοι Έλληνες πεζογράφοι του 20ου αιώνα ; |v 7) | |
| 500 | |3 Αναπαραγωγή του: Γαλήνη, Αθήνα : Βιβλιοπωλείον της Εστίας, 2010, 41η έκδοση. | ||
| 500 | |3 Ειδική έκδοση για την εφημερίδα "Το Βήμα". | ||
| 650 | 1 | 0 | |a Greek fiction. |
| 830 | 0 | |a Κορυφαίοι Έλληνες πεζογράφοι του 20ου αιώνα | |
| 852 | |a INST |b LEMNOS |e 20220405 |h 889.34 ΒΕΝ |p 005600003392 |q 005600003392 |t BK |y 0 | ||
| 970 | |a Παπαθανασοπούλου |b Έλενα |z 2022/04/05 | ||